Dachziegel - Statistiken

Allgemein
  • Dieses Quiz wurde 61 mal gespielt
  • Das Durchschnittsergebnis liegt bei 3 aus 6
Answers on the Grid
Answers color-coded by a green-red scale on the quiz's grid according to % correct below.
Dachziegel werden aus natürlichen Materialien hergestellt
Werden festgeklebt
Sie bestehen aus Ton
Temperaturen zwischen 1.900 °C und 2.100 °C gebrannt
Flachdachziegel ist eine Art
Dachziegel kosten pro Quadratmeter 69.99€
Brass Rubin 13V ist eine Ziegelart
Brass Rubin 14V ist eine Ziegelart
Erfinder: Wilhelm Ludowici
Erlus E58/E58S Serie ist keine Ziegelart
Bei Temperaturen zwischen 900 °C und 1.200 °C gebrannt
 
Antwortstatistiken
Antwort % Korrekt
Sie bestehen aus Ton
75%
Dachziegel werden aus natürlichen Materialien hergestellt
72%
Flachdachziegel ist eine Art
45%
Bei Temperaturen zwischen 900 °C und 1.200 °C gebrannt
42%
Erfinder: Wilhelm Ludowici
19%
Brass Rubin 13V ist eine Ziegelart
11%
Keine übereinstimmenden Quizze gefunden
Verteilung der Resultate
Anzahl Personen mit jedem Resultat
Perzentil nach korrekt beantworteten Fragen
Ihre Resultats-Entwicklung
Sie haben dieses Quiz noch nicht gespielt